Countries by Big Mac Price 🍔 - Statistics

General Stats
  • This quiz has been taken 28 times
  • The average score is 12 of 20
Answer Stats
Price (USD) Most Expensive % Correct
$5.79 United States
92%
$2.62 India
85%
$5.43 Canada
81%
$3.11 Japan
81%
$7.99 Switzerland
77%
$5.73 United Kingdom
73%
$6.67 Norway
69%
$5.67 Sweden
69%
$6.95 Argentina
58%
$2.54 Indonesia
58%
$3.03 Vietnam
58%
$5.49 Denmark
54%
$3.00 Malaysia
54%
$2.89 Philippines
54%
$6.91 Uruguay
54%
$2.69 Egypt
50%
$2.78 South Africa
50%
$5.90 Costa Rica
46%
$2.38 Taiwan
38%
$2.86 Ukraine
31%
No matching quizzes found
Score Distribution
Percent of People with Each Score
Percentile by Number Answered
Your Score History
You have not taken this quiz